| 000 | 00507nam a22001937a 4500 | ||
|---|---|---|---|
| 999 |
_c7935 _d7935 |
||
| 003 | OSt | ||
| 005 | 20220803111545.0 | ||
| 008 | 220803b ||||| |||| 00| 0 eng d | ||
| 020 | _a9781108471220 | ||
| 040 | _cddc | ||
| 082 | _a512 GAM 2008 | ||
| 100 |
_aT.W.Gamelin _916127 |
||
| 245 | _aUniform algebras and Jensen measure. | ||
| 260 |
_aLondon: _bCambridge University Press; _c2008, |
||
| 300 |
_a162p.; _c26cm. |
||
| 504 | _aIndex Included. | ||
| 650 |
_aUniform algebras. _916128 |
||
| 942 |
_2ddc _cBOOK |
||